Evaluación e intervención neurocognitiva en niños y niñas con dificultades comportamentales / Alfredis González Hernández, Jasmín Bonilla Santos, Gisella Bonilla Santos, editores (Record no. 107363)

MARC details
000 -LEADER
campo de control de longitud fija 03110nac a2200445 a 4500
003 - IDENTIFICADOR DE NÚMERO DE CONTROL
campo de control CO-PeBPM
005 - FECHA Y HORA DE LA ÚLTIMA TRANSACCIÓN
campo de control 20260502170742.0
007 - CAMPO FIJO DE DESCRIPCIÓN FÍSICA--INFORMACIÓN GENERAL
campo de control de longitud fija ta
008 - DATOS DE LONGITUD FIJA--INFORMACIÓN GENERAL
campo de control de longitud fija 260501s2020 ck a|||| |||| 00| 0 spa d
020 ## - NÚMERO INTERNACIONAL ESTÁNDAR DEL LIBRO
Número Internacional Estándar del Libro 9789587602494
040 ## - FUENTE DE CATALOGACIÓN
Centro catalogador/agencia de origen CO-PeBPM
Lengua de catalogación spa
Centro/agencia transcriptor CO-PeBPM
Normas de descripción rda
041 ## - CÓDIGO DE IDIOMA
Código de lengua del texto/banda sonora o título independiente spa
082 04 - NÚMERO DE LA CLASIFICACIÓN DECIMAL DEWEY
Número de clasificación 150.832 E92e
Número de edición 23
245 10 - MENCIÓN DEL TÍTULO
Título Evaluación e intervención neurocognitiva en niños y niñas con dificultades comportamentales / Alfredis González Hernández, Jasmín Bonilla Santos, Gisella Bonilla Santos, editores
Mención de responsabilidad, etc. / Alfredis González Hernández... [y otros siete más]; editores Alfredis González Hernández, Jasmín Bonilla Santos, Gisella Bonilla Santos
264 ## - PRODUCCIÓN, PUBLICACIÓN, DISTRIBUCIÓN, FABRICACIÓN Y COPYRIGHT
Producción, publicación, distribución, fabricación y copyright Bogotá, Colombia
Nombre del de productor, editor, distribuidor, fabricante : Universidad Cooperativa de Colombia
Fecha de producción, publicación, distribución, fabricación o copyright , 2020
300 ## - DESCRIPCIÓN FÍSICA
Extensión 160 páginas
Otras características físicas ilustraciones, figuras en blanco y negro
Dimensiones 24 cm.
336 ## - TIPO DE CONTENIDO
Fuente rdacontent
Término de tipo de contenido texto
Código de tipo de contenido txt
337 ## - TIPO DE MEDIO
Fuente rdamedia
Nombre/término del tipo de medio sin mediación
Código del tipo de medio n
338 ## - TIPO DE SOPORTE
Fuente rdacarrier
Nombre/término del tipo de soporte volumen
Código del tipo de soporte nc
490 ## - MENCIÓN DE SERIE
Mención de serie Investigación en Psicología
500 ## - NOTA GENERAL
Nota general Incluye índice
500 ## - NOTA GENERAL
Nota general Incluye datos de los autores
500 ## - NOTA GENERAL
Nota general Incluye referencias bibliográficas al final de cada capítulo
520 ## - RESUMEN, ETC.
Sumario, etc. Este libro expone el efecto de la implementación de un programa de intervención dirigida a población infantil, que presenta un conjunto de dificultades comportamentales, y que pertenecen a sectores sociales vulnerables de la ciudad de Neiva. La obra se fundamenta en el contexto de las investigaciones realizadas a nivel mundial, latinoamericano y nacional sobre programas de evaluación e intervención enfocados en disminuir déficits comportamentales, que permitan una mejor adaptación de los niños a los diferentes ámbitos de su vida cotidiana. En este sentido, uno de los constructos más estudiados en relación con las dificultades del comportamiento es la cognición social, principalmente el dominio de la Teoría de la Mente (ToM) que, explica desde el punto de vista cognitivo, las deficiencias emocionales y comunicativas en situaciones sociales y las dificultades manifiestas en población con diagnóstico de trastornos asociados a sintomatología comportamental, como el trastorno disocial de la conducta (TDC) y el trastorno por déficit de atención e hiperactividad (TDAH).
650 17 - PUNTO DE ACCESO ADICIONAL DE MATERIA--TÉRMINO DE MATERIA
Término de materia o nombre geográfico como elemento de entrada Trastornos de la conducta infantil - Investigaciones
Fuente del encabezamiento o término LEMB
650 17 - PUNTO DE ACCESO ADICIONAL DE MATERIA--TÉRMINO DE MATERIA
Término de materia o nombre geográfico como elemento de entrada Psicología infantil
Fuente del encabezamiento o término LEMB
650 17 - PUNTO DE ACCESO ADICIONAL DE MATERIA--TÉRMINO DE MATERIA
Término de materia o nombre geográfico como elemento de entrada Terapia conductal
Fuente del encabezamiento o término LEMB
650 17 - PUNTO DE ACCESO ADICIONAL DE MATERIA--TÉRMINO DE MATERIA
Término de materia o nombre geográfico como elemento de entrada Trastorno por déficit de atención con hiperactividad
Fuente del encabezamiento o término LEMB
650 17 - PUNTO DE ACCESO ADICIONAL DE MATERIA--TÉRMINO DE MATERIA
Término de materia o nombre geográfico como elemento de entrada Trastornos de la conducta infantil
Fuente del encabezamiento o término LEMB
700 1# - ENTRADA AGREGADA--NOMBRE PERSONAL
Nombre de persona Bonilla Santos, Gisella
Término indicativo de función/relación editor
700 1# - ENTRADA AGREGADA--NOMBRE PERSONAL
Nombre de persona Bonilla Santos, Jasmín
Término indicativo de función/relación editor
700 1# - ENTRADA AGREGADA--NOMBRE PERSONAL
Nombre de persona González Hernández, Alfredis
Término indicativo de función/relación editor
700 1# - ENTRADA AGREGADA--NOMBRE PERSONAL
Nombre de persona Padilla García, Leidy Tatiana
Término indicativo de función/relación autora
700 1# - ENTRADA AGREGADA--NOMBRE PERSONAL
Nombre de persona Cala Martínez, Dorian Yisela
Término indicativo de función/relación autora
700 1# - ENTRADA AGREGADA--NOMBRE PERSONAL
Nombre de persona Muñoz Bernal, Luisa Fernanda
Término indicativo de función/relación autora
700 1# - ENTRADA AGREGADA--NOMBRE PERSONAL
Nombre de persona Castaño Baquero, Leidy Marcela
Término indicativo de función/relación autora
700 1# - ENTRADA AGREGADA--NOMBRE PERSONAL
Nombre de persona Villanueva Bonilla, Cristian Fabian
Término indicativo de función/relación autor
942 ## - ELEMENTOS DE ENTRADA SECUNDARIOS (KOHA)
Fuente del sistema de clasificación o colocación Clasificación Decimal Dewey
Suprimir en OPAC No
Tipo de ítem Koha Libros
Holdings
Estatus retirado Estado de pérdida Fuente del sistema de clasificación o colocación Estado de daño No para préstamo Colección Biblioteca de origen Biblioteca actual Ubicación en estantería Fecha de adquisición Fuente de adquisición Total de préstamos Signatura topográfica completa Código de barras Visto por última vez Copia número Precio de reemplazo Tipo de ítem Koha
    Clasificación Decimal Dewey     General BIBLIOTECA PÚBLICA MUNICIPAL RAMON CORREA MEJIA BIBLIOTECA PÚBLICA MUNICIPAL RAMON CORREA MEJIA Colección general 01/05/2026 Aporte Universidad Cooperativa-Pereira   150.832 E92e 63805 01/05/2026 Ej. 1 01/05/2026 Libros
    Clasificación Decimal Dewey     General BIBLIOTECA PÚBLICA MUNICIPAL RAMON CORREA MEJIA BIBLIOTECA PÚBLICA MUNICIPAL RAMON CORREA MEJIA Colección general 01/05/2026 Aporte Universidad Cooperativa-Pereira   150.832 E92e 63804 01/05/2026 Ej. 2 01/05/2026 Libros
    Clasificación Decimal Dewey     General BIBLIOTECA PÚBLICA MUNICIPAL RAMON CORREA MEJIA BIBLIOTECA PÚBLICA MUNICIPAL RAMON CORREA MEJIA Colección general 01/05/2026 Aporte Universidad Cooperativa-Pereira   150.832 E92e 63806 01/05/2026 Ej. 3 01/05/2026 Libros

Powered by Koha